01482nam a2200337 a 4500001001000000003000500010005001700015008004100032010001100073011001100084040000900095090001000104100002800114245016700142260004100309500006000350502010900410590004000519590004000559650004400599650003500643650004800678650003000726856007000756901000700826942001000833942000600843999001900849952014000868952013601008000111860CHAP20220329144232.0150924s2015 mx a fsm |||||||spa d a108321 a109293 cCHAP aTesis1 aPierre, Absalon912985010aPropuestas de reestructuración curricular en dos facultades de agronomía haitianas relacionadas al desarrollo sustentable /h[En línea]cpor Absalon Pierre. aChapingo, Méx. :bEl autor,c2015. aPara ver el contenido del material haga clic en la liga aTesis (Ph.D. en Ciencias en Educación Agrícola Superior) -- UACH. Departamento de Sociología Rural aE6096MTMb05c20150924lUCH01h1145 aE6096MTMb05c20150924lUCH01h114714aCurriculoxEducación superior.93055314aEducación agrícola.93549114aEducación superiorxMetodología.93564614aPlanes de estudio.988732 aFinding aiduhttp://10.13.5.2/tesis/sist111860.pdfzTeclea aquí aBK cTESIS n0 c108321d108321 00102local4053708TESISaBCbBCcPA_TESISd2015-09-24fTESISl0oTesisp33724002506215r2019-12-31 00:00:00tc.2w2019-12-31yTESIS 00104054718TESISaBCbBCd2015-09-24fTESISl0oTesisp33724002506256r2019-12-31 00:00:00w2019-12-31yTESISzRecien adquirido